[Event "Lyon op"]
[Site "Lyon"]
[Date "2005.04.20"]
[Round "6"]
[White "Savoya, Alexandre"]
[Black "Liarsou, Patrick"]
[Result "0-1"]
[WhiteElo "2059"]
[BlackElo "1930"]
[PlyCount "30"]
[EventDate "2005.04.16"]
[EventType "swiss"]
[EventRounds "9"]
[EventCountry "FRA"]
[SourceTitle "CBM 105 Extra"]
[Source "ChessBase"]
[SourceDate "2005.05.01"]
[SourceVersion "1"]
[SourceVersionDate "2005.05.01"]
[SourceQuality "1"]

1. e4 c6 2. d4 d5 3. f3 dxe4 4. fxe4 e5 5. Nf3 Nf6 6. Nxe5 Nxe4 7. Qf3 Nf6 8. Bc4 Qxd4 9. Bxf7+ Ke7 10. Qg3 Nbd7 11. Nxd7 Bxd7 12. Bb3 Re8 13. Qc7 Nd5 14. Bxd5 Kf6+ 15. Kf1 Bf5 0-1